000 00920pam a2200289 a 4500
001 2297
005 20250828112630.0
020 _a1562940627
020 _a1562947036
040 _aDLC
_cDLC
_dDLC
_beng
050 0 0 _aQL391.A6
_bG53 1992
082 0 0 _a595.1
_220
100 1 _aGlaser, Linda
245 1 0 _aWonderful worms /
_cby Linda Glaser ; pictures by Loretta Krupinski.
250 _aFirst Scholastic printing, April 2001
260 _aBrookfield :
_bScholastic,
_c1992
300 _a25 unnumbered pages :
_billustrations
_c22x22 cm
505 _aH
520 _aDescribes the physical characteristics, behavior, and life cycle of the common earthworm.
521 _a480
_bLexile
521 _aH
_bRaz-Plus
650 0 _aEarthworms
_xJuvenile literature.
650 1 _aEarthworms.
700 1 _aKrupinski, Loretta
_eillustrator
906 _a7
_bcbc
_corignew
_d1
_eocip
_f19
_gy-gencatlg
942 _2ddc
_cBK
_n0
999 _c2297
_d2297